Statistics for 東京メトロ有楽町線クイズ

Click here to take the quiz!

General Stats

  • This quiz has been taken 145 times
  • The average score is 17 of 24

Answer Stats

駅番号% Correct
Y09池袋駅
91%
Y01和光市駅
88%
Y02地下鉄成増駅
85%
Y03地下鉄赤塚駅
81%
Y18有楽町駅
81%
Y06小竹向原駅
81%
Y24新木場駅
80%
Y22豊洲駅
79%
Y07千川駅
77%
Y13飯田橋駅
76%
Y05氷川台駅
76%
Y08要町駅
75%
Y10東池袋駅
71%
Y14市ヶ谷駅
70%
Y04平和台駅
69%
Y16永田町駅
67%
Y11護国寺駅
65%
Y17桜田門駅
64%
Y21月島駅
64%
Y12江戸川橋駅
63%
Y23辰巳駅
62%
Y19銀座一丁目駅
59%
Y15麴町駅
53%
Y20新富町駅
48%

Score Distribution

Percentile by Number Answered

Percent of People with Each Score

Your Score History

You have not taken this quiz